| Tag |
First Indicator |
Second Indicator |
Subfields |
| LEADER |
00000cam a2200000 a 4500 |
| 001 |
in00000075031 |
| 005 |
20151008060250.0 |
| 008 |
810428s1981 nyu 00010 eng |
| 010 |
|
|
|a 81007473
|
| 020 |
|
|
|a 0531098540
|
| 035 |
|
|
|a (OCoLC)07554627
|
| 035 |
|
|
|9 AAJ5427AM
|
| 039 |
0 |
|
|a 2
|b 3
|c 3
|d 3
|e 3
|
| 040 |
|
|
|a DLC
|c DLC
|d OCL
|d TXA
|d UtOrBLW
|
| 043 |
|
|
|a n-us---
|
| 049 |
|
|
|a TXAM
|c [387911]
|
| 050 |
0 |
0 |
|a JK1788
|b .L4
|
| 082 |
0 |
|
|a 306/.2/0973
|2 19
|
| 100 |
1 |
|
|a Lebedoff, David.
|
| 245 |
1 |
4 |
|a The new elite :
|b the death of democracy /
|c David Lebedoff.
|
| 264 |
|
1 |
|a New York :
|b F. Watts,
|c 1981.
|
| 300 |
|
|
|a 194 pages ;
|c 24 cm.
|
| 336 |
|
|
|a text
|b txt
|2 rdacontent
|
| 337 |
|
|
|a unmediated
|b n
|2 rdamedia
|
| 338 |
|
|
|a volume
|b nc
|2 rdacarrier
|
| 650 |
|
0 |
|a Social classes
|x Political aspects
|z United States.
|
| 650 |
|
0 |
|a Elite (Social sciences)
|z United States.
|
| 650 |
|
0 |
|a Democracy.
|
| 650 |
|
0 |
|a Political psychology.
|
| 650 |
|
0 |
|a Tradition (Philosophy)
|
| 999 |
|
|
|a MARS
|
| 999 |
f |
f |
|s 83005267-5d9a-3251-9bbd-b02b0ebff114
|i 4c246252-700b-3012-92b1-5fd1d2930095
|t 0
|
| 952 |
f |
f |
|p ric
|a Texas A&M University
|b Rellis Campus
|c Joint Library Facility
|d Remote Storage
|t 0
|e JK1788 .L4
|h Library of Congress classification
|i unmediated -- volume
|m A14806150884
|
| 998 |
f |
f |
|a JK1788 .L4
|t 0
|l Remote Storage
|